[Event "Emilia Romagna tt op"]
[Site "Piacenza"]
[Date "2022.09.25"]
[Round "4"]
[White "Castrogiovanni, Carlo"]
[Black "Marsico, Enrico"]
[Result "0-1"]
[WhiteElo "1937"]
[BlackElo "1655"]
[PlyCount "62"]
[EventDate "2022.09.23"]
[EventType "team-swiss"]
[EventRounds "5"]
[EventCountry "ITA"]
[SourceTitle "EXT 2023"]
[Source "ChessBase"]
[SourceDate "2022.10.05"]
[SourceVersion "1"]
[SourceVersionDate "2022.10.05"]
[SourceQuality "1"]
[WhiteTeam "Piacenza Vecchie Glorie"]
[BlackTeam "Under Promotion"]
[WhiteTeamCountry "ITA"]
[BlackTeamCountry "ITA"]

1. Nf3 d5 2. c4 e6 3. g3 Nf6 4. Bg2 Be7 5. 0-0 0-0 6. b3 Nbd7 7. Bb2 c6 8. d3 Qb6 9. Nbd2 a5 10. Rb1 Rb8 11. Qc2 Re8 12. e4 Nf8 13. Rfe1 Ng6 14. Re2 Qc7 15. Rc1 dxe4 16. Nxe4 Nxe4 17. dxe4 e5 18. h3 f6 19. c5 Be6 20. Rd2 Red8 21. Bf1 Rxd2 22. Nxd2 Rd8 23. Bc4 Bxc4 24. Qxc4+ Kf8 25. Nf1 Rd7 26. Ne3 Qd8 27. Kg2 Rd2 28. Rc2 Qd7 29. Nf5 Rxc2 30. Qxc2 Nh8 31. Nxe7 Kxe7 0-1

[Event "Crema op-A 17th"]
[Site "Crema"]
[Date "2016.09.03"]
[Round "4"]
[White "Pirrello, Christian"]
[Black "Castrogiovanni, Carlo"]
[Result "1/2-1/2"]
[WhiteElo "1936"]
[BlackElo "1947"]
[PlyCount "120"]
[EventDate "2016.09.02"]
[EventType "swiss"]
[EventRounds "6"]
[EventCountry "ITA"]
[SourceTitle "EXT 2018"]
[Source "ChessBase"]
[SourceDate "2017.10.13"]
[SourceVersion "1"]
[SourceVersionDate "2017.10.13"]
[SourceQuality "1"]

1. Nf3 c5 2. c4 Nc6 3. Nc3 Nf6 4. d4 cxd4 5. Nxd4 e5 6. Nc2 d6 7. g3 Be6 8. Ne3 Be7 9. Bg2 Qd7 10. Ned5 0-0 11. Nxe7+ Nxe7 12. b3 d5 13. cxd5 Nfxd5 14. Nxd5 Bxd5 15. e4 Bc6 16. Qxd7 Bxd7 17. 0-0 Nc6 18. Bb2 Rad8 19. Rfd1 Bg4 20. f3 Be6 21. Bf1 a6 22. Rac1 Rxd1 23. Rxd1 Rc8 24. Kf2 f6 25. Ke3 Nd4 26. a3 Nc2+ 27. Kf2 Bxb3 28. Rd7 b5 29. Rd6 Nd4 30. Bxd4 exd4 31. Rxd4 Rc2+ 32. Ke3 Rxh2 33. Rd8+ Kf7 34. Ra8 Ra2 35. Rxa6 Bc4 36. Bxc4+ bxc4 37. f4 Rg2 38. Kf3 Ra2 39. e5 fxe5 40. fxe5 c3 41. a4 c2 42. Rc6 h5 43. Rc5 Ke6 44. a5 Rxa5 45. Rxc2 Kxe5 46. Rc3 Kf5 47. Rc2 Ra3+ 48. Kg2 Re3 49. Ra2 g5 50. Ra5+ Re5 51. Ra2 Re4 52. Rf2+ Kg4 53. Ra2 h4 54. gxh4 Kxh4 55. Rb2 Re3 56. Rb4+ g4 57. Rb2 Rg3+ 58. Kh2 Rf3 59. Kg2 Rg3+ 60. Kh2 Re3 1/2-1/2

[Event "Crema op-A 17th"]
[Site "Crema"]
[Date "2016.09.03"]
[Round "2"]
[White "Ventura, Franco"]
[Black "Castrogiovanni, Carlo"]
[Result "1-0"]
[WhiteElo "2075"]
[BlackElo "1947"]
[PlyCount "81"]
[EventDate "2016.09.02"]
[EventType "swiss"]
[EventRounds "6"]
[EventCountry "ITA"]
[SourceTitle "EXT 2018"]
[Source "ChessBase"]
[SourceDate "2017.10.13"]
[SourceVersion "1"]
[SourceVersionDate "2017.10.13"]
[SourceQuality "1"]

1. d4 Nf6 2. c4 c5 3. d5 e6 4. Nc3 exd5 5. cxd5 Bd6 6. Nf3 0-0 7. g3 Re8 8. Bg2 Bc7 9. 0-0 d6 10. Nd2 a6 11. a4 Nbd7 12. Nc4 Rb8 13. Bf4 Nf8 14. a5 Ng6 15. Qd2 Nxf4 16. Qxf4 Qd7 17. e4 Qg4 18. Qxg4 Bxg4 19. f3 Bd7 20. Rfe1 Bc8 21. f4 Nd7 22. e5 dxe5 23. d6 Bd8 24. fxe5 b5 25. axb6 Nxb6 26. b3 Be6 27. Bc6 Rf8 28. Na5 Nd7 29. Nd5 Bxa5 30. Rxa5 Rxb3 31. Rxa6 Rd8 32. Ne7+ Kf8 33. Ra7 Rb2 34. Bxd7 Bxd7 35. Rc7 Rc2 36. Ra1 Be6 37. Nc6 Re8 38. d7 Bxd7 39. Rxd7 f6 40. Raa7 Re6 41. Rf7+ 1-0

[Event "La Piazzetta op 1st"]
[Site "Casalpusterlengo"]
[Date "2014.10.03"]
[Round "1"]
[White "Castrogiovanni, Carlo"]
[Black "Giuria, Abramo"]
[Result "1/2-1/2"]
[WhiteElo "1971"]
[BlackElo "1714"]
[PlyCount "67"]
[EventDate "2014.10.03"]
[EventType "swiss"]
[EventRounds "5"]
[EventCountry "ITA"]
[SourceTitle "EXT 2016"]
[Source "ChessBase"]
[SourceDate "2015.10.08"]
[SourceVersion "1"]
[SourceVersionDate "2015.10.08"]
[SourceQuality "1"]

1. d4 d5 2. c4 c6 3. Nc3 Nf6 4. Nf3 e6 5. e3 Nbd7 6. Bd3 dxc4 7. Bxc4 b5 8. Bd3 a6 9. e4 Be7 10. 0-0 0-0 11. Bf4 c5 12. e5 Nd5 13. Nxd5 exd5 14. dxc5 Nxc5 15. Bc2 Bg4 16. Be3 Rc8 17. h3 Be6 18. Nd4 Qd7 19. f4 f5 20. exf6 Bxf6 21. Nxe6 Qxe6 22. Bxc5 Rxc5 23. Qd3 Qe4 24. Qxe4 dxe4 25. Bxe4 Bd4+ 26. Kh1 Bxb2 27. Rad1 Rc7 28. Rd6 a5 29. Rd5 Rc4 30. Bd3 Rcxf4 31. Rxf4 Rxf4 32. Rxb5 Bc3 33. Rc5 Bb4 34. Rc4 1/2-1/2

[Event "Vescovato Gerolamo op-A 13th"]
[Site "Vescovato"]
[Date "2014.04.26"]
[Round "3"]
[White "Masotti, Roberto"]
[Black "Castrogiovanni, Carlo"]
[Result "0-1"]
[WhiteElo "1893"]
[BlackElo "1992"]
[PlyCount "58"]
[EventDate "2014.04.25"]
[EventType "swiss"]
[EventRounds "6"]
[EventCountry "ITA"]
[SourceTitle "EXT 2015"]
[Source "ChessBase"]
[SourceDate "2014.11.20"]
[SourceVersion "1"]
[SourceVersionDate "2014.11.20"]
[SourceQuality "1"]

1. c4 e5 2. g3 Nf6 3. Bg2 d5 4. cxd5 Nxd5 5. Nc3 Nb6 6. Nf3 Nc6 7. d3 Be7 8. 0-0 0-0 9. Bd2 Be6 10. Rc1 f6 11. a3 Na5 12. Nb5 Bb3 13. Qe1 Nc6 14. Be3 Be6 15. Nc3 Nd4 16. Nd2 c6 17. f4 Nd5 18. Nxd5 Bxd5 19. Bxd5+ Qxd5 20. fxe5 fxe5 21. Ne4 h6 22. Rf2 b6 23. Qf1 Rxf2 24. Qxf2 Rf8 25. Qg2 Qb3 26. Nc3 Qxb2 27. Qe4 Nxe2+ 28. Nxe2 Qxe2 29. Qxe5 Bg5 0-1

[Event "Bergamo op 12th"]
[Site "Bergamo"]
[Date "2013.07.19"]
[Round "1"]
[White "Gagliardi, Christian"]
[Black "Castrogiovanni, Carlo"]
[Result "1-0"]
[WhiteElo "2215"]
[BlackElo "2014"]
[PlyCount "114"]
[EventDate "2013.07.19"]
[EventType "swiss"]
[EventRounds "6"]
[EventCountry "ITA"]
[SourceTitle "EXT 2024"]
[Source "ChessBase"]
[SourceDate "2023.10.10"]
[SourceVersion "1"]
[SourceVersionDate "2023.10.10"]
[SourceQuality "1"]

1. e4 c5 2. Nc3 a6 3. f4 b5 4. Nf3 b4 5. Nb1 Bb7 6. d3 e6 7. Be3 Nf6 8. Nbd2 d5 9. e5 Ng4 10. Bg1 Be7 11. g3 Nd7 12. Bg2 h5 13. h3 Nh6 14. Bf2 Qc7 15. 0-0 g6 16. c4 bxc3 17. bxc3 0-0 18. c4 Rfb8 19. Qc2 Nb6 20. Nb3 dxc4 21. dxc4 a5 22. Rab1 Rd8 23. Nbd2 Nd7 24. Ne4 Rab8 25. Nc3 Bc6 26. a4 Nb6 27. Nb5 Qb7 28. Ne1 Qd7 29. Bxc6 Qxc6 30. Ng2 Rd7 31. Rfd1 Rbd8 32. Rxd7 Rxd7 33. Ne3 Kg7 34. Nc3 Rd4 35. Ne2 Rd8 36. Rb5 Ra8 37. Qb3 Nc8 38. Nc3 Qf3 39. Qd1 Qxd1+ 40. Nexd1 Nf5 41. Ne2 Ra6 42. Bxc5 Na7 43. Bxa7 Rxa7 44. g4 hxg4 45. hxg4 Nh6 46. Kf2 Rc7 47. Rxa5 Rxc4 48. Kf3 Rc2 49. Ne3 Ra2 50. g5 Ng8 51. Nc3 Ra3 52. Nb5 Rb3 53. Nd4 Ra3 54. Ke4 Rc3 55. Ra7 Bc5 56. Nxe6+ Kh8 57. Nxc5 Rxc5 1-0

[Event "Milan Crespi op-B 33rd"]
[Site "Milan"]
[Date "2012.12.05"]
[Round "1"]
[White "Castrogiovanni, Carlo"]
[Black "Paganini, Andrea"]
[Result "1-0"]
[WhiteElo "1996"]
[BlackElo "1882"]
[PlyCount "47"]
[EventDate "2012.12.05"]
[EventType "swiss"]
[EventRounds "7"]
[EventCountry "ITA"]
[SourceTitle "EXT 2015"]
[Source "ChessBase"]
[SourceDate "2014.11.20"]
[SourceVersion "1"]
[SourceVersionDate "2014.11.20"]
[SourceQuality "1"]

1. Nf3 d5 2. d4 Nf6 3. c4 c6 4. Nc3 a6 5. cxd5 cxd5 6. Bf4 e6 7. e3 Bd6 8. Bxd6 Qxd6 9. Ne5 Nbd7 10. f4 b5 11. Bd3 Bb7 12. 0-0 0-0 13. Rf3 Ne4 14. Bxe4 dxe4 15. Rf2 Nf6 16. Rc2 Rac8 17. Rac1 Rfd8 18. b3 Qb4 19. h3 Rxc3 20. Rxc3 Nd5 21. Rc7 Nxe3 22. a3 Qxa3 23. Qd2 Nd5 24. Rxb7 1-0

[Event "Crema op 14th"]
[Site "Crema"]
[Date "2012.08.31"]
[Round "1"]
[White "Cappa, Enrico"]
[Black "Castrogiovanni, Carlo"]
[Result "0-1"]
[WhiteElo "1641"]
[BlackElo "1984"]
[PlyCount "56"]
[EventDate "2012.08.31"]
[EventType "swiss"]
[EventRounds "6"]
[EventCountry "ITA"]
[SourceTitle "EXT 2014"]
[Source "ChessBase"]
[SourceDate "2013.11.20"]
[SourceVersion "1"]
[SourceVersionDate "2013.11.20"]
[SourceQuality "1"]

1. e4 c5 2. c3 d5 3. exd5 Qxd5 4. d4 Nf6 5. Nf3 e6 6. Be2 cxd4 7. cxd4 a6 8. 0-0 Be7 9. Nc3 Qd6 10. Re1 0-0 11. Bf1 Nc6 12. a3 b5 13. b4 Rd8 14. Be3 Bb7 15. Bxb5 axb5 16. Nxb5 Qd7 17. Qb3 Nxb4 18. axb4 Qxb5 19. Bd2 Bxf3 20. Qxf3 Qd5 21. Rxa8 Rxa8 22. b5 Qxf3 23. gxf3 Nd5 24. Rb1 Rb8 25. Kf1 Bf6 26. Be3 Nc3 27. Rc1 Nxb5 28. Rb1 Rb7 0-1

[Event "Crema op 14th"]
[Site "Crema"]
[Date "2012.08.31"]
[Round "2"]
[White "Castrogiovanni, Carlo"]
[Black "Khaetsky, Roman"]
[Result "0-1"]
[WhiteElo "1984"]
[BlackElo "2399"]
[PlyCount "60"]
[EventDate "2012.08.31"]
[EventType "swiss"]
[EventRounds "6"]
[EventCountry "ITA"]
[SourceTitle "EXT 2014"]
[Source "ChessBase"]
[SourceDate "2013.11.20"]
[SourceVersion "1"]
[SourceVersionDate "2013.11.20"]
[SourceQuality "1"]

1. d4 f5 2. Nc3 d5 3. f4 Nf6 4. Nf3 e6 5. e3 c5 6. Ne5 Nc6 7. Be2 Qb6 8. Bb5 cxd4 9. exd4 Bb4 10. 0-0 0-0 11. Bxc6 bxc6 12. Ne2 a5 13. a3 Be7 14. b3 c5 15. c3 Ba6 16. Re1 Bxe2 17. Rxe2 Rab8 18. Rb2 cxd4 19. cxd4 Rfc8 20. h3 Bd6 21. Kh2 Bxe5 22. dxe5 Ne4 23. b4 axb4 24. axb4 Qc6 25. Bd2 Qb6 26. Qe2 Qd4 27. Be3 Qc4 28. Rc1 Qxe2 29. Rxe2 Rxc1 30. Bxc1 Rxb4 0-1

[Event "Milan Crespi op-A 32nd"]
[Site "Milan"]
[Date "2011.12.05"]
[Round "3"]
[White "Castrogiovanni, Carlo"]
[Black "Moroni, Luca Jr"]
[Result "0-1"]
[WhiteElo "2027"]
[BlackElo "2030"]
[PlyCount "92"]
[EventDate "2011.12.03"]
[EventType "swiss"]
[EventRounds "9"]
[EventCountry "ITA"]
[SourceTitle "EXT 2022"]
[Source "ChessBase"]
[SourceDate "2021.10.06"]
[SourceVersion "1"]
[SourceVersionDate "2021.10.06"]
[SourceQuality "1"]

1. d4 d5 2. c4 e6 3. Nc3 c6 4. cxd5 exd5 5. Bf4 Bd6 6. Bxd6 Qxd6 7. e3 Bf5 8. Bd3 Ne7 9. Nge2 Nd7 10. Rb1 a5 11. a3 0-0 12. Ng3 Bxd3 13. Qxd3 Qe6 14. 0-0 g6 15. Nce2 Nc8 16. Nf4 Qe7 17. Rfe1 f5 18. Qb3 Nd6 19. f3 Kg7 20. Re2 h5 21. Nf1 Kh6 22. Rbe1 g5 23. Nd3 Nf6 24. Qc2 g4 25. Qc1 Kh7 26. Ne5 gxf3 27. gxf3 Rg8+ 28. Kh1 h4 29. Nd2 Qg7 30. Rg1 Qh6 31. Qe1 Rxg1+ 32. Qxg1 h3 33. Qg3 Rg8 34. Qf4 Rg5 35. Nf1 Qg7 36. Ng3 Nh5 37. Qh4 Kg8 38. Qxh3 Rxg3 39. hxg3 Nxg3+ 40. Kh2 Nxe2 41. Qg2 Qxg2+ 42. Kxg2 Nc1 43. b4 axb4 44. axb4 Nc4 45. e4 Nxe5 46. dxe5 dxe4 0-1

[Event "Novara op 1st"]
[Site "Novara"]
[Date "2011.11.06"]
[Round "5"]
[White "Castrogiovanni, Carlo"]
[Black "Topczewski, Damian"]
[Result "0-1"]
[WhiteElo "2031"]
[BlackElo "2214"]
[PlyCount "38"]
[EventDate "2011.11.04"]
[EventType "swiss"]
[EventRounds "5"]
[EventCountry "ITA"]
[SourceTitle "EXT 2012"]
[Source "ChessBase"]
[SourceDate "2011.11.24"]
[SourceVersion "1"]
[SourceVersionDate "2011.11.24"]
[SourceQuality "1"]

1. d4 Nf6 2. c4 g6 3. Nc3 Bg7 4. e4 d6 5. Be2 0-0 6. Bg5 Nbd7 7. Qd2 e5 8. d5 a5 9. Bh6 Nc5 10. f3 Nfxe4 11. Nxe4 Nxe4 12. fxe4 Qh4+ 13. g3 Qxh6 14. 0-0-0 f5 15. Bd3 fxe4 16. Bxe4 Bg4 17. Re1 Rf2 18. Qxh6 Bxh6+ 19. Kb1 Bd2 0-1

[Event "Codogno op 3rd"]
[Site "Codogno"]
[Date "2011.10.15"]
[Round "4"]
[White "Mussap, Angelo"]
[Black "Castrogiovanni, Carlo"]
[Result "1-0"]
[WhiteElo "2036"]
[BlackElo "2004"]
[PlyCount "98"]
[EventDate "2011.10.14"]
[EventType "swiss"]
[EventRounds "5"]
[EventCountry "ITA"]
[SourceTitle "CBM 144 Extra"]
[Source "ChessBase"]
[SourceDate "2011.10.28"]
[SourceVersion "1"]
[SourceVersionDate "2011.10.28"]
[SourceQuality "1"]

1. e4 c5 2. Nf3 a6 3. d4 cxd4 4. Nxd4 Nf6 5. Nc3 e5 6. Nf5 d5 7. Bg5 Bxf5 8. Bxf6 gxf6 9. exf5 Bb4 10. Qf3 Bxc3+ 11. Qxc3 Nc6 12. 0-0-0 Rc8 13. Qa3 Ne7 14. Bd3 Qc7 15. f3 Qc5 16. Qa4+ Nc6 17. Kb1 Ke7 18. c3 Rhg8 19. Rd2 d4 20. cxd4 Qxd4 21. Qb3 Qb4 22. Qxb4+ Nxb4 23. Be4 Rc7 24. Rhd1 a5 25. a3 Na6 26. g4 Nc5 27. Rc2 b6 28. Rdc1 Rgc8 29. Ka2 Na6 30. Rxc7+ Rxc7 31. Rg1 Rd7 32. Rg2 Nc5 33. Bc2 Nd3 34. g5 Ne1 35. gxf6+ Kxf6 36. Re2 Nxf3 37. Be4 Nd4 38. Rg2 Rd8 39. h4 h6 40. b3 Nb5 41. Kb2 Rd1 42. h5 Nd4 43. a4 Re1 44. Bd3 Rh1 45. Rg8 Nxb3 46. Rb8 Rxh5 47. Rxb6+ Kg7 48. Rxb3 Rh2+ 49. Ka3 Rh3 1-0

[Event "Codogno op 3rd"]
[Site "Codogno"]
[Date "2011.10.14"]
[Round "1"]
[White "Castrogiovanni, Carlo"]
[Black "Laketic, Gojko"]
[Result "0-1"]
[WhiteElo "2004"]
[BlackElo "2443"]
[PlyCount "88"]
[EventDate "2011.10.14"]
[EventType "swiss"]
[EventRounds "5"]
[EventCountry "ITA"]
[SourceTitle "CBM 144 Extra"]
[Source "ChessBase"]
[SourceDate "2011.10.28"]
[SourceVersion "1"]
[SourceVersionDate "2011.10.28"]
[SourceQuality "1"]

1. d4 Nf6 2. c4 e6 3. Nf3 d5 4. Nc3 c6 5. cxd5 exd5 6. Bg5 Bf5 7. e3 Qb6 8. Qc1 Nbd7 9. Bxf6 Nxf6 10. Be2 Bd6 11. a3 0-0 12. Nh4 Be6 13. Bd3 g6 14. Nf3 Qc7 15. h3 Rae8 16. Qc2 Bc8 17. Rc1 Qe7 18. 0-0 Ne4 19. Rce1 f5 20. Kh1 g5 21. Ng1 g4 22. Nce2 gxh3 23. Nxh3 Kh8 24. Nef4 Rg8 25. g3 Rg4 26. Rg1 Reg8 27. Rg2 Qg7 28. Reg1 Bd7 29. Be2 Qe7 30. Bf3 Nf6 31. Qe2 Rf8 32. Re1 Rgg8 33. Rh2 Ng4 34. Bxg4 fxg4 35. Ng1 Bf5 36. Rh4 Be4+ 37. Kh2 Rf6 38. Qd2 Qg7 39. Qe2 Rh6 40. f3 gxf3 41. Qf2 Bxf4 42. exf4 Rxh4+ 43. gxh4 Qg2+ 44. Qxg2 Rxg2+ 0-1

[Event "Crema op 13th"]
[Site "Crema"]
[Date "2011.09.04"]
[Round "6"]
[White "Vezzosi, Paolo"]
[Black "Castrogiovanni, Carlo"]
[Result "1-0"]
[WhiteElo "2351"]
[BlackElo "2004"]
[PlyCount "57"]
[EventDate "2011.09.02"]
[EventType "swiss"]
[EventRounds "6"]
[EventCountry "ITA"]
[SourceTitle "EXT 2022"]
[Source "ChessBase"]
[SourceDate "2021.10.06"]
[SourceVersion "1"]
[SourceVersionDate "2021.10.06"]
[SourceQuality "1"]

1. d4 Nf6 2. c4 c5 3. d5 b5 4. cxb5 a6 5. b6 d6 6. Nc3 g6 7. Qb3 Bb7 8. a4 a5 9. e4 Nfd7 10. Nf3 Qxb6 11. Bb5 Bg7 12. 0-0 0-0 13. Bf4 Na6 14. Rfe1 Ne5 15. Nxe5 Bxe5 16. Bxe5 dxe5 17. Nd1 Nc7 18. Ne3 Rfb8 19. Nc4 Qf6 20. Qc3 Nxb5 21. axb5 Bc8 22. Rxa5 Qf4 23. g3 Qg5 24. b6 Ra6 25. h4 Qf6 26. Rxc5 Bg4 27. Nxe5 h5 28. Rc6 Qg7 29. f3 1-0

[Event "Bergamo op 10th"]
[Site "Bergamo"]
[Date "2011.07.16"]
[Round "4"]
[White "Castrogiovanni, Carlo"]
[Black "Gromovs, Sergejs"]
[Result "0-1"]
[WhiteElo "1995"]
[BlackElo "2303"]
[PlyCount "40"]
[EventDate "2011.07.15"]
[EventType "swiss"]
[EventRounds "6"]
[EventCountry "ITA"]
[SourceTitle "EXT 2023"]
[Source "ChessBase"]
[SourceDate "2022.10.05"]
[SourceVersion "1"]
[SourceVersionDate "2022.10.05"]
[SourceQuality "1"]

1. d4 Nf6 2. c4 e5 3. dxe5 Ng4 4. Bf4 Nc6 5. Nf3 Bb4+ 6. Nbd2 Qe7 7. e3 Ngxe5 8. Be2 Nxf3+ 9. Bxf3 Nd4 10. Bxc7 d6 11. Qa4+ Bd7 12. Qd1 Nxf3+ 13. Qxf3 Bc6 14. Qg3 0-0 15. Bxd6 Bxd6 16. Qg4 f5 17. Qe2 Bxg2 18. Rg1 Bc6 19. f4 Rfe8 20. 0-0-0 Qxe3 0-1